| 000 | 02102nam a22001577a 4500 | ||
|---|---|---|---|
| 041 | _aukr | ||
| 080 | _a09 | ||
| 090 | _bБІЛ | ||
| 100 | _aБілик, І. В. | ||
| 245 | _aПорівняльний аспект гендерної парадигми україномовної та англомовної Інтернет-комунікації | ||
| 260 |
_aОстрог _bКАФ _c2013 |
||
| 300 | _a70 | ||
| 520 |
_aВступ.
Розділ І. Загальний теоретичний порівняльний аналіз гендерної парадигми англомовної та україномовної інтернет-комунікації.
1.1. Феномен інтернет-комунікації, як новітнього типу комунікацій
1.2. Становлення теоретичної парадигми гендеру в інтернет-комунікації
1.3. Гендерні аспекти в аналізі україномовної та англомовної інтнрнет-комунікації
Розділ ІІ. Дослідження гендерних особливостей україномовного та англомовного спілкування у віртуальному просторі.
2.1. Порівняльні особливості україномовного та англомовного спілкування у віртуальному просторі
Розділ ІІІ. Охорона праці: порядок організації державного нагляду за охороною праці.
3.1. Поняття нагляду і контролю за дотриманням законодавства про працю та їх зміст
3.2. Держівний нагляд і контроль за дотриманням законодавства про працю та охорону праці
Висновки.
Список використаної літератури. _0гендер, інтернет-комунікація |
||
| 650 | _aResearch Papers | ||
| 999 |
_c285348 _d285348 |
||
| 942 | _cBK | ||